Statistics for Lande efter bogstav - S

Click here to take the quiz!

General Stats

  • This quiz has been taken 4 times
  • The average score is 12 of 27

Answer Stats

Land% Correct
Somalia
100%
Spanien
100%
Sudan
100%
Sverige
100%
Syrien
100%
Salomonøerne
50%
Samoa
50%
San Marino
50%
Saudi-Arabien
50%
Schweiz
50%
Senegal
50%
Serbien
50%
Seychellerne
50%
Slovakiet
50%
Slovenien
50%
Surinam
50%
Sydafrika
50%
Sydkorea
50%
Sydsudan
50%
Saint Kitts og Nevis
0%
Saint Lucia
0%
Saint Vincent og Grenadinerne
0%
São Tomé og Príncipe
0%
Sierra Leone
0%
Singapore
0%
Sri Lanka
0%
Storbritannien
0%

Score Distribution

Percentile by Number Answered

Percent of People with Each Score

Your Score History

You have not taken this quiz